000 00763ngm a22003130a 4500
001 PT22857
003 AR-LpoUNG
005 20210202000329.0
007 vd cvaizq
008 191001s2003||||ag |||||||||||||||||eng d
037 _c$10.33
040 _aAR-LpoUNG
_bspa
_cAR-LpoUNG
_eaacr
041 _aeng
044 _aag
082 0 _a940.531 8 762pia
100 1 _aPolanski, Roman
_edir.
245 1 3 _aEl pianista
260 _aBuenos Aires :
_bTranseuropa Video Entertainment,
_c2003.
300 _aVHS (147 min.) : son., col.
650 4 _aDISCRIMINACION RACIAL
650 4 _aEUROPA
650 4 _aHISTORIA SOCIAL
650 4 _aJUDIOS
650 4 _aPOLONIA
653 _aHOLOCAUSTO
653 _aVIDEOS
905 _a22857
942 _cVIDEO
999 _c54628
_d54628